banner koha

O trabalho infanto-juvenil no meio rural (Registro n. 167367)

MARC details
000 -LÍDER
campo de controle de tamanho fixo 00836nas a2200265 4500
001 - NÚMERO DE CONTROLE
campo de controle BR0104118
003 - IDENTIFICADOR DO NÚMERO DE CONTROLE
campo de controle BR-BrBNA
005 - DATA E HORÁRIO DA ÚLTIMA TRANSAÇÃO
campo de controle 20231205102410.0
007 - CAMPO FIXO DE DESCRIÇÃO FÍSICA--INFORMAÇÃO GERAL
campo de controle de tamanho fixo ta
008 - CAMPO DE DADOS FIXOS--INFORMAÇÃO GERAL
campo de controle de tamanho fixo 230509b bl.|||p| |||| 00| 00por d
040 ## - FONTE DA CATALOGAÇÃO
Instituição da catalogação original BR-BrBNA
Idioma da catalogação por
Instituição que transcreveu o registro Biblioteca Nacional de Agricultura
041 ## - CÓDIGO DE IDIOMA
Código do idioma do texto/trilha sonora ou título diferente (Pt)
072 ## - CÓDIGO DE CATEGORIA DE ASSUNTO
Código de Categoria de Assunto E12; E50
100 1# - ENTRADA PRINCIPAL--NOME PESSOAL
Nome pessoal Espirito Santo, B.R. do
100 1# - ENTRADA PRINCIPAL--NOME PESSOAL
Nome pessoal Gushiken, M.T.
245 1# - TÍTULO
Título O trabalho infanto-juvenil no meio rural
650 ## - ASSUNTO--TERMO TÓPICO
Cabeçalho tópico ou nome geográfico Trabalho de Menor
650 ## - ASSUNTO--TERMO TÓPICO
Cabeçalho tópico ou nome geográfico Política Social
650 ## - ASSUNTO--TERMO TÓPICO
Cabeçalho tópico ou nome geográfico Política Educacional
650 ## - ASSUNTO--TERMO TÓPICO
Cabeçalho tópico ou nome geográfico Zona Rural
773 0# - ENTRADA ANALÍTICA
Título Revista de Política Agrícola (Brazil)
ISSN - International Standard Serial Number ISSN 1413-4969
Partes relacionadas (Jul-Sep 2000), v. 9(3) p. 9-15
Número de controle do registro BR0104118
856 4# - LOCALIZAÇÃO ELETRÔNICA E ACESSO
Uniform Resource Identifier <a href="Rev_Pol_Agr_v9_n3-2000.pdf#page=10">Rev_Pol_Agr_v9_n3-2000.pdf#page=10</a>
Texto de ligação Recurso eletrônico (PDF)
909 ## -
-- 202311
-- Lúcia
-- 55
-- Lúcia Elande
942 ## - ELEMENTOS DE ENTRADA ADICIONADOS (KOHA)
Fonte da classificação ou esquema de arquivamento na estante Classificação AGRIS
Ocultar no OPAC Não
Tipo de material Koha Analítica
Exemplares
Situação do descarte Fonte da classificação ou esquema de arquivamento na estante Situação física Não pode ser emprestado Biblioteca de origem Biblioteca atual Localização na estante Enumeração do periódico / cronologia Total de empréstimos Data de último acesso Número do exemplar Tipo de material Koha Fonte de aquisição
  Classificação AGRIS   Consulta local Biblioteca Nacional de Agricultura - Binagri Biblioteca Nacional de Agricultura - Binagri   (Jul-Sep 2000), v. 9(3) p. 9-15   29/11/2023 01 Periódicos Portaria Interministerial nº 164/94

BINAGRI

Telefone: (61)3218-2567/2388/3357/2097 - binagri@agro.gov.br

Ministério da Agricultura e Pecuária , Esplanada dos Ministérios, Bloco D, Anexo B, Brasília/DF, CEP: 70.043-900